00282pab a2200121 454500008004000000100001800040245002800058260000900086300001200095362000900107650002500116773001900141180718b1990 xxu||||| |||| 00| 0 eng d aGooding, John aGorbachev and democracy c1990 a195-231 aApr. aDemocracy - U.S.S.R. aSoviet Studies